| 000 | 00930nam0a22002531 4500 | ||
|---|---|---|---|
| 001 | rc\2803056 | ||
| 005 | 20250806210306.0 | ||
| 035 | _a(NLR Aleph) 006929065 | ||
| 090 |
_a34645 _c34645 |
||
| 100 | _a20110915d1944 u y0rusy50 ca | ||
| 101 | 0 | _arus | |
| 102 | _aRU | ||
| 105 | _aa z ||||| | ||
| 200 | 1 |
_aИнструкция по борьбе с домовыми грибами _fНар. ком. Воен.-Мор. Флота СССР. Квартирно-эксплоатац. упр. ВМФ |
|
| 210 |
_aМосква _cВоенмориздат _d1944 |
||
| 215 |
_a56 с. _cил. _d17 см. |
||
| 712 | 0 | 1 |
_aСССР _bКвартирно-эксплуатационное упр. ВМФ _3RU\NLR\AUTH\889976804 |
| 801 | 0 |
_aRU _bNLR _gpsbo |
|
| 801 | 1 |
_aRU _bELAR _2rusmarc |
|
| 852 |
_aNLR _jТ80 Г-2/176 |
||
| 942 | _cBOOK | ||
| 945 | _aРоссийская национальная библиотека | ||
| 980 | _aNB | ||
| 980 | _aBV | ||